000 00642nam a2200181Ia 4500
003 GCL
008 140319s9999 xx 000 0 ara d
040 _aGCL /
_cGCL
082 0 4 _a816.075645
_bا ر
100 1 _aابى العباس احمد بن تيمية
245 1 0 _aالرسالة القبرصية: خطاب لسرجواس ملك قبرص /
_cابى العباس احمد بن تيمية
300 _a36 ص
490 _aالهيئة العامة للاستعلامات
_v0
650 0 4 _aالادب العربى
650 0 4 _aالرسائل الادبية - قبرص
650 0 4 _aالمراسلات - قبرص
942 _2ddc
_cBK
999 _c50985
_d50985